Top 15 Winningest NFL Teams - Statistics

General Stats
  • This quiz has been taken 1,534 times
  • The average score is 10 of 15
Answer Stats
# Of All-Time Wins Team % Correct
476 New England Patriots
92%
730 Green Bay Packers
91%
601 Pittsburgh Steelers
85%
493 Dallas Cowboys
79%
744 Chicago Bears
74%
522 San Francisco 49ers
73%
684 New York Giants
67%
555 Philadelphia Eagles
56%
502 Indianapolis Colts
52%
544 Los Angeles Rams
52%
544 Detroit Lions
51%
465 Denver Broncos
50%
462 Cleveland Browns
49%
542 Arizona Cardinals
44%
586 Washington Redskins
44%
No matching quizzes found
Score Distribution
Percent of People with Each Score
Percentile by Number Answered
Your Score History
You have not taken this quiz